The European social charter; origin, operation, results
Na minha lista:
| Autor Corporativo: | |
|---|---|
| Formato: | Texto |
| Publicado em: |
Strasbourg:
CE
|
| Tags: |
Adicionar Tag
Sem tags, seja o primeiro a adicionar uma tag!
|
MARC
| LEADER | 00000 a a2200000 04500 | ||
|---|---|---|---|
| 001 | 24100 | ||
| 003 | |||
| 040 | |||
| 090 | |a 171200 | ||
| 110 | |a Council of Europe | ||
| 245 | |a The European social charter; origin, operation, results | ||
| 260 | |a Strasbourg: |b CE | ||
| 300 | |a 29 p. | ||
| 999 | |c 12781 |d 12781 | ||
